The archbishops, bishops and priests who served in the Archdiocese of Dublin 1900 to 2011
| Main Author: | |
|---|---|
| Format: | Print Book |
| Language: | English |
| Subito Delivery Service: | Order now. |
| Check availability: | HBZ Gateway |
| WorldCat: | WorldCat |
| Interlibrary Loan: | Interlibrary Loan for the Fachinformationsdienste (Specialized Information Services in Germany) |
| Published: |
Blackrock
Kingdom Books
2012
|
| In: | Year: 2012 |
| Standardized Subjects / Keyword chains: | B
Holy See (motif), Erzdiözese Dublin
/ Clergy
/ History 1900-2011
|
| Further subjects: | B
Clergy Ireland Dublin Metropolitan Area Biography
B Catholic Church Archdiocese of Dublin (Ireland) History 21st century B Bishops Ireland Dublin Metropolitan Area Biography B Catholic Church Archdiocese of Dublin (Ireland) Clergy Biography B Dublin Metropolitan Area (Ireland) Church history B List B Catholic Church Archdiocese of Dublin (Ireland) History 20th century B Catholic Church Archdiocese of Dublin (Ireland) Bishops Biography |
| Online Access: |
Table of Contents Blurb (Publisher) |
MARC
| LEADER | 00000cam a2200000 c 4500 | ||
|---|---|---|---|
| 001 | 1602029814 | ||
| 003 | DE-627 | ||
| 005 | 20251225191104.0 | ||
| 007 | tu | ||
| 008 | 130305s2012 xx ||||| r 00| ||eng c | ||
| 016 | 7 | |a 016198597 |2 UK | |
| 020 | |a 9780952456742 |c (hbk.) |9 978-0-9524567-4-2 | ||
| 035 | |a (DE-627)1602029814 | ||
| 035 | |a (DE-576)379627922 | ||
| 035 | |a (DE-599)BSZ379627922 | ||
| 035 | |a (OCoLC)839956771 | ||
| 040 | |a DE-627 |b ger |c DE-627 |e rakwb | ||
| 041 | |a eng | ||
| 082 | 0 | |a 282.418092 | |
| 084 | |a 1 |2 ssgn | ||
| 100 | 1 | |0 (DE-588)1145723071 |0 (DE-627)1006882030 |0 (DE-576)168371669 |4 aut |a Gaughan, John Anthony |d 1932- | |
| 109 | |a Gaughan, John Anthony 1932- |a Gaughan, John A. 1932- |a Gaughan, J. Anthony 1932- | ||
| 245 | 1 | 4 | |a The archbishops, bishops and priests who served in the Archdiocese of Dublin 1900 to 2011 |c J. Anthony Gaughan |
| 264 | 1 | |a Blackrock |b Kingdom Books |c 2012 | |
| 300 | |a 407 S. |b Ill., Kt. |c 24 cm | ||
| 336 | |a Text |b txt |2 rdacontent | ||
| 337 | |a ohne Hilfsmittel zu benutzen |b n |2 rdamedia | ||
| 338 | |a Band |b nc |2 rdacarrier | ||
| 500 | |a Includes bibliographical references | ||
| 583 | 1 | |a Archivierung/Langzeitarchivierung gewährleistet |f SSG |x XA-DE-BW |2 pdager |5 DE-21 | |
| 601 | |a Archdiocese | ||
| 653 | |a Catholic Church |a Archdiocese of Dublin (Ireland) |a History |a 20th century | ||
| 653 | |a Catholic Church |a Archdiocese of Dublin (Ireland) |a History |a 21st century | ||
| 653 | |a Catholic Church |a Archdiocese of Dublin (Ireland) |a Bishops |a Biography | ||
| 653 | |a Catholic Church |a Archdiocese of Dublin (Ireland) |a Clergy |a Biography | ||
| 653 | |a Bishops |a Ireland |a Dublin Metropolitan Area |a Biography | ||
| 653 | |a Clergy |a Ireland |a Dublin Metropolitan Area |a Biography | ||
| 653 | |a Dublin Metropolitan Area (Ireland) |a Church history | ||
| 655 | 7 | |a Verzeichnis |0 (DE-588)4188171-0 |0 (DE-627)105266639 |0 (DE-576)210051078 |2 gnd-content | |
| 689 | 0 | 0 | |d b |0 (DE-588)1344615139 |0 (DE-627)1905438559 |0 (DE-576)212371681 |2 gnd |a Katholische Kirche |b Erzdiözese Dublin |
| 689 | 0 | 1 | |d s |0 (DE-588)4031147-8 |0 (DE-627)106267086 |0 (DE-576)208990801 |2 gnd |a Klerus |
| 689 | 0 | 2 | |q z |2 gnd |a Geschichte 1900-2011 |
| 689 | 0 | |5 (DE-627) | |
| 856 | 4 | 2 | |u https://swbplus.bsz-bw.de/bsz379627922inh.htm |m B:DE-576;DE-21 |q application/pdf |v 20130419161843 |x Verlag |3 Inhaltsverzeichnis |7 1 |
| 856 | 4 | 2 | |u https://swbplus.bsz-bw.de/bsz379627922kla.htm |m B:DE-576;DE-21 |q application/pdf |v 20130419161844 |x Verlag |3 Klappentext |7 1 |
| 935 | |a mteo | ||
| 951 | |a BO | ||
| ELC | |b 1 | ||
| ITA | |a 1 |t 1 | ||
| LOK | |0 000 xxxxxcx a22 zn 4500 | ||
| LOK | |0 001 3081170982 | ||
| LOK | |0 003 DE-627 | ||
| LOK | |0 004 1602029814 | ||
| LOK | |0 005 20130408134508 | ||
| LOK | |0 008 130305||||||||||||||||ger||||||| | ||
| LOK | |0 040 |a DE-21 |c DE-627 |d DE-21 | ||
| LOK | |0 852 |a DE-21 | ||
| LOK | |0 852 1 |c 53 A 3084 |9 00 | ||
| LOK | |0 935 |a theo | ||
| LOK | |0 936ln |a t4.5 | ||
| LOK | |0 938 |a 1304 |f 2 | ||
| LOK | |0 939 |a 05-03-13 |b l01 | ||
| ORI | |a SA-MARC-ixtheoa001.raw | ||
| STA | 0 | 0 | |a Clergy,Clergy,Catholic Church,Clergy in literature |
| STB | 0 | 0 | |a Clergé,Clergé,Église catholique |
| STC | 0 | 0 | |a Clero,Clero |
| STD | 0 | 0 | |a Clero,Clero |
| STE | 0 | 0 | |a 圣职者,圣职者,圣职人员,神职人员,圣职人员,神职人员 |
| STF | 0 | 0 | |a 聖職者,聖職者,聖職人員,神職人員,聖職人員,神職人員 |
| STG | 0 | 0 | |a Clero,Clero |
| STH | 0 | 0 | |a Духовенство (мотив),Духовенство |
| STI | 0 | 0 | |a Κλήρος (μοτίβο),Κλήρος |
| SYG | 0 | 0 | |a Erzdiözese Dublin,Archdiocese of Dublin,Erzbistum Dublin,Archidioecesis Dublinensis,Ard-Deoise Bhaile Átha Cliath , Katholische Geistlichkeit,Katholischer Klerus,Kleriker |
| TIM | |a 100019000101_100020111231 |b Geschichte 1900-2011 | ||